Song to Artist #3: The classics - Statistics

General Stats
  • This quiz has been taken 37 times
  • The average score is 5 of 10
Answer Stats
Hint Answer % Correct
Bohemian Rhapsody Queen
100%
Smells Like Teen Spirit Nirvana
91%
Bad Michael Jackson
84%
Got My Mind Set On You George Harrison
63%
Another Day In Paradise Phil Collins
56%
Happy Together The Turtles
44%
Cry Me A River Justin Timberlake
38%
Fallin' Alicia Keys
28%
Say It Ain't So Weezer
22%
Life Goes On 2pac
3%
No matching quizzes found
Score Distribution
Percent of People with Each Score
Percentile by Number Answered
Your Score History
You have not taken this quiz